U.S. General Knowledge by Letter - J - Statistics

General Stats
  • This quiz has been taken 144 times
  • The average score is 10 of 15
Answer Stats
Hint Answer % Correct
Capital of Mississippi Jackson
97%
Capital of Alaska Juneau
94%
Biggest city in Florida Jacksonville
89%
New York NFL team Jets
80%
Capital of Missouri Jefferson City
78%
2nd President of USA John Adams
77%
Jacksonville NFL Team Jaguars
76%
He Was President from 1977-1981 Jimmy Carter
72%
Utah NBA Team Jazz
70%
He Was President from1961-1963 John Kennedy
70%
2nd Biggest City in New Jersey Jersey City
68%
He was President from 1845-1849 James Polk
36%
He Was President from 1841-1845 John Tyler
34%
He was President from 1857-1861 James Buchanan
31%
Missouri City next to Kansas Joplin
28%
No matching quizzes found
Score Distribution
Percent of People with Each Score
Percentile by Number Answered
Your Score History
You have not taken this quiz